000 00864nam a2200229Ia 4500
003 OSt
005 20220923212449.0
006 a|||||r|||| 00| 0
007 ta
008 220922b |||||||| |||| 00| 0 hin d
024 _a153,233
037 _cTextual
040 _aARTS
_cARTS
_bhin
041 _2hin
_ahin
082 _aO152vp251,N91, N4
245 0 _aहिन्दी साहित्य का इतिहस
_b पूर्नलेखन की समस्थाएं संगोष्ठि
246 _aHindī sāhitya kā itihasa: pūrnalekhan kī samasthāean sangoṣhṭhi
260 _aदिल्ली
_b हिन्दी माध्यम कार्यान्वय निदेशालय
_c1994
300 _a150 पृ.
_ccm.
942 _hO152vp251,N91, N4
_cTEXL
_2CC
999 _c308880
_d308880